00658nam a2200229Ia 450000100060000000300090000600800410001504000130005604000130006904100130008210000160009510000290011124500450014024500400018525000110022526000120023626000130024826000490026130000550031065000320036565000310039716271IT-RoPAU130308s9999 xx 000 0 und d aIT-RoPAU cIT-RoPAU aITALIANO aVega Pastor gCodice Aut. SPICS: 12441 aDocumentario didattico e la tattica (Il) bTeorie e Pratiche del Cinema Cubano a1a ed. aVENEZIA bMarsilio c1981 [1° Ed.:1981 - Ed.Ling.Originale:1970] a"5 p. (prefazione: no ; testo: 5 [pagine: 67-71])" aSTORIA NAZIONALE DEL CINEMA eCodice materia Spics: 6809